000 00450ntaaa2200181 4500
003 01
005 20251027202649.0
008 0714s1973 ag 01
040 _aAR-BaBN
_bspa
_cAR-BaBN
_eaacr
_dRIC
082 _a398.3000 A496
100 _aAmbrosetti, Juan B
_926181
245 _aSupersiticiones y leyendas
250 _a1 ed.
260 _aBuenos Aires :
_bLa Cultura Argentina,
_c1917
300 _a239 p
650 _aetica
_92820
942 _cBK
999 _c21852
_d21852